• 首页
  • 本馆介绍
  • 公告通知
  • 最新文献
  • 馆藏检索
  • 电子资源
  • 读者导购
  • 参考咨询
  • 我的图书馆
  • 登录
  • 详细信息显示
  • 放入我的书架
  • 预约/预借图书
  • 作者相关作品
  • 分类相关作品
  • 丛书相关作品
  • 出版社相关作品

书目信息

  • 表格格式
  • 工作单格式
  • 卡片格式
题名:
敏捷软件开发实践估算与计划
    
 
作者: 科恩 著 ;金明 译
分册:  
出版信息: 北京   清华大学出版社  2016.3
页数: 17,236页
开本: 26cm
丛书名:
单 册:
中图分类: TP311.52
科图分类:
主题词: 软件开发
电子资源:
ISBN: 978-7-302-42393-5
000 00963nam0 2200265 450
001 0400002152
005 20171020120227.0
010    @a978-7-302-42393-5@dCNY49.80
100    @a20160504e20172016em y0chiy50 ea
101 1  @achi@ceng
102    @aCN@b110000
105    @ay z 000yy
106    @ar
200 1  @a敏捷软件开发实践估算与计划@9min jie ruan jian kai fa shi jian gu suan yu ji hua@b专著@f(美)Mike Cohn著@g金明译
210    @a北京@c清华大学出版社@d2016.3@h2017.7
215    @a17,236页@d26cm
312    @a封面英文题名:Agile estimating and planning
330    @a本书介绍所有敏捷、半敏捷或者迭代流程,包括Scrum、XP、特性驱动的开发、水晶方法、自适应软件开发、DSDM、统一过程以及其他许多方式。
510 1  @aAgile estimating and planning@zeng
606 0  @a软件开发
690    @aTP311.52@v5
701  0 @c(美)@a科恩@9ke en@c(Cohn, Mike)@4著
702  0 @a金明@9jin ming@4译
801  0 @aCN@b91MARC@c20171020
905    @b1031595-9@dTP311.52@f5@e1146
    
    敏捷软件开发实践估算与计划/(美)Mike Cohn著/金明译.-北京:清华大学出版社,2016.3(2017.7)
    17,236页;26cm
    
    
    ISBN 978-7-302-42393-5:CNY49.80
    本书介绍所有敏捷、半敏捷或者迭代流程,包括Scrum、XP、特性驱动的开发、水晶方法、自适应软件开发、DSDM、统一过程以及其他许多方式。
●
相关链接 在E读中查询图书 在五车中查询图书 在当当中查询图书 在豆瓣中查询图书


正题名:敏捷软件开发实践估算与计划     索取号:TP311.52/1146         预约/预借

序号 登录号 条形码 馆藏地/架位号 状态 备注
1 1031595   210315951   第二样本阅览室/ [索取号:TP311.52/1146] 在馆    
2 1031596   210315960   密集书库—计算机科学学院/ [索取号:TP311.52/1146] 在馆    
3 1031597   210315979   第三借阅区/ [索取号:TP311.52/1146] 在馆    
4 1031598   210315988   第三借阅区/ [索取号:TP311.52/1146] 在馆    
5 1031599   210315997   第三借阅区/ [索取号:TP311.52/1146] 在馆    
唐山师范学院图书馆 欢迎您!
大连网信软件有限公司© 版权所有